Responses for show #3627 - Tuesday, May 16, 2000

2000 Tournament of Champions semifinal game 2.
From the Atlanta Civic Center.

Contestants

Eddie Timanus, a sportswriter from Arlington, Virginia

Jeremy Bate, a writer from Los Angeles, California

Chacko George, a high school student from Slidell, Louisiana

Jeopardy! Round responses

PHYSICAL SCIENCE
U.N. SECRETARIES-GENERAL
CHARACTERS IN MUSICALS
THOSE WACKY CANADIANS
CROSSWORD CLUES "S"
TEA TIME
    $100 1
Gamma rays

Chacko
    $100 14
(J: Who is Ghali?)

U Thant

JeremyEddie
    $100 26
Camelot

Eddie
    $100 6
Fay Wray

Jeremy
    $100 20
(Alex: Eddie, you didn't have to say it that way!)

Suckers

Eddie
    $100 21
Irish

Jeremy
    $200 2
(E: What are circuits?)

Cells

JeremyEddie
    $200 15
Dag Hammarskjöld

Eddie
    $200 27
Gypsy

Eddie
    $200 7
Dionne

Chacko
    $200 19
Spirits

Eddie
    $200 22
(J: What is boiled?)
(Alex: Be more specific...)
(J: no response)
(E: What is steamed?)

Hard-boiled

JeremyEddie
Triple Stumper
    $300 3
Formaldehyde

Jeremy
    $300 16
(C: Who is Boutros Boutros-Ghali?)

Trygve Lie

ChackoEddie
    $300 28
Fiddler on the Roof

Jeremy
    $300 8
Neil Young

Jeremy
    $300 13
Starfish

Eddie
    $300 23
Caffeine

Chacko
    $400 4
Drag

Jeremy
    $400 17
Javier Pérez de Cuéllar

Eddie
    $400 29
The King And I

Chacko
    $400 9
Glenn Gould

Triple Stumper
    $400 12
Sousaphone

Jeremy
    $400 24
(J: What is black tea?)

Green tea

JeremyEddie
    $500 5
Magnetic resonance

Chacko
    $500 18
(Alex: You ran the category & you're in the lead!)

Boutros Boutros-Ghali

Eddie
    $500 30
Brigadoon

Eddie
    $800 10
(J: No response)

Dr. Frederick Banting

Jeremy
    $500 11
Serpentine

Jeremy
    $500 25
(C: What is France?)

Dutch

ChackoJeremy

Scores at the first commercial break (after clue 13):

Chacko Jeremy Eddie
$800 $1,400 $100

Scores at the end of the Jeopardy! Round:

Chacko Jeremy Eddie
$700 $1,600 $2,900

Double Jeopardy! Round responses

STATE BORDERS
INTELLIGENT FILMS
TURNS OF THE CENTURY
MIDDLE NAMES
LITERARY HODGEPODGE
ODD WORDS
    $200 1
(C: What is Iowa?)

Indiana

ChackoJeremy
    $200 2
Steve Martin

Jeremy
    $200 8
Amerigo Vespucci

Chacko
    $200 24
(C: Who is Damon...(time)?)

Keenan Wayans

ChackoEddie
    $200 7
Ebenezer

Eddie
    $200 21
Papyrus

Chacko
    $400 9
New Mexico

Eddie
    $400 3
Albert Einstein

Jeremy
    $400 13
Twelfth Night

Jeremy
    $400 30
Samuel Jackson

Eddie
    $400 17
Erskine Caldwell

Eddie
    $400 22
(C: What is a needle?)

Scissors

Chacko
Triple Stumper
    $600 10
Minnesota

Chacko
    $600 4
Pi

Jeremy
    $600 14
William Pitt

Chacko
    $600 29
Ben Campbell

Eddie
    $600 20
Doctor Dolittle

Eddie
    $600 23
Fish

Eddie
    $1,000 11
Kansas & Nebraska

Chacko
    $800 5
Little Man Tate

Jeremy
    $800 15
William McKinley

Jeremy
    $2,900 26
(E: Who is Atcheson?)

Robert McNamara

Eddie
    $800 19
(E: Is there one (clue) left there?)

Edna Ferber

Eddie
    $800 28
(J: What is ambergris?)

Pomander

Jeremy
Triple Stumper
    $1000 12
New Hampshire & Vermont

Chacko
    $1000 6
Real Genius

Jeremy
    $1000 16
Homo habilis

Chacko
    $1000 25
David Wallace

Triple Stumper
    $1000 18
Robert Graves

Jeremy
    $1000 27
Limpid

Jeremy

Scores at the end of the Double Jeopardy! Round:

Chacko Jeremy Eddie
$4,500 $7,200 $4,200

[wagering suggestions for these scores]

Final Jeopardy! Round responses

WORLD LEADERS
EddieWHO WAS HO CHI MEN?
$3,100
ChackoWho is Vo Nguyen Giap?
$4,500
JeremyWho was Ho Chi Minh?
$1,900
Ho Chi Minh

Final scores:

Chacko Jeremy Eddie
$0 $9,100 $7,300
3rd place: $5,000 Finalist 2nd place: $5,000

Game dynamics:

Coryat scores:

Chacko Jeremy Eddie
$4,300 $8,000 $7,100
12 R
(including 1 DD),
5 W
20 R,
5 W
(including 1 DD)
21 R,
3 W
(including 1 DD)

Combined Coryat: $19,400

The J! Archive is created by fans, for fans. The Jeopardy! game show and all elements thereof, including but not limited to copyright and trademark thereto, are the property of Jeopardy Productions, Inc. and are protected under law. This website is not affiliated with, sponsored by, or operated by Jeopardy Productions, Inc. Join the discussion at JBoard.tv.